Prospects for Democracy North, South, East, West

Na minha lista:
Detalhes bibliográficos
Outros Autores: Held, David
Formato: Livro
Idioma:inglês
Publicado em: Stanford Stanford University Press 1993
Edição:1. ed.
Assuntos:
Tags: Adicionar Tag
Sem tags, seja o primeiro a adicionar uma tag!

MARC

LEADER 00000nam a2200000 4500
001 c019355
005 20221206075635.5
020 |a 0-8047-2192-0 
041 0 |a eng 
044 |a US 
245 1 0 |a Prospects for Democracy  |b North, South, East, West  |c Edit. David Held 
250 |a 1. ed. 
264 1 |a Stanford  |b Stanford University Press  |c 1993 
300 |a 412 s. 
610 2 0 |a politika 
610 2 0 |a demokracia 
610 2 0 |a modely 
610 2 0 |a liberalizmus 
610 2 0 |a demokratizácia 
610 2 0 |a hnutie ženské 
610 2 0 |a hnutie politické 
610 2 0 |a limity 
610 2 0 |a vývoj 
610 2 0 |a prognózy 
610 2 0 |a konsolidácia 
700 1 |a Held, David